|
|
|
|
| LEADER |
01146nam a2200253 a 4500 |
| 001 |
1614562 |
| 008 |
090329s1995 nyua b 001 0 eng d |
| 010 |
|
|
|a 95010234
|
| 020 |
|
|
|a 0471126837 (acid-free paper)
|
| 040 |
|
|
|a DLC
|c DLC
|d DLC
|d DB-DhAAL
|
| 082 |
0 |
0 |
|a 621.382/2/0285
|2 20
|
| 100 |
1 |
|
|a Bloch, S. C.
|q (Sylvan Charles)
|
| 245 |
1 |
0 |
|a Spreadsheet analysis for engineers and scientists /
|c S. C. Bloch.
|
| 260 |
|
|
|a New York :
|b Wiley,
|c c1995.
|
| 300 |
|
|
|a xxviii, 308 p. :
|b ill. ;
|c 24 cm. +
|e 1 computer disk (3 1/2 in.)
|
| 500 |
|
|
|a "A Wiley-Interscience publication."
|
| 504 |
|
|
|a Includes bibliographical references and index.
|
| 541 |
1 |
|
|e 00011597
|
| 650 |
|
0 |
|a Signal processing
|x Data processing.
|
| 650 |
|
0 |
|a Electronic spreadsheets.
|
| 852 |
4 |
|
|a Ayesha Abed Library
|j General Shelf.
|
| 999 |
|
|
|c 8953
|d 8953
|
| 952 |
|
|
|0 0
|1 0
|2 ddc
|4 0
|6 621_382202850000000_BLO_1995
|7 0
|9 11007
|a BRACUL
|b BRACUL
|c GEN
|d 2010-06-15
|l 0
|o 621.38220285 BLO
|p 3010011597
|r 2010-06-15
|t 1
|w 2010-06-15
|y BK
|
| 952 |
|
|
|0 0
|1 0
|2 ddc
|4 0
|6 621_382202850000000_BLO_1995
|7 0
|9 11008
|a BRACUL
|b BRACUL
|c GEN
|d 2010-06-15
|l 0
|o 621.38220285 BLO
|p 3010011741
|r 2010-06-15
|t 2
|w 2010-06-15
|y BK
|